| 000 | 00618nam a2200217 a 4500 | ||
|---|---|---|---|
| 005 | 20240228064003.0 | ||
| 008 | 090601s2001 mx r 000 0 spa d | ||
| 020 | _a8426118690 | ||
| 035 | _aUPN01000170817 | ||
| 049 | _aI | ||
| 050 | 4 |
_aPZ71 _bO9.3 2001 |
|
| 100 | 1 |
_aOxenbury, Helen, _d1938- _929786 |
|
| 245 | 1 | 0 |
_aA la cama / _cHelen Oxenbury |
| 250 | _a5a ed. | ||
| 260 |
_aMadrid : _bJuventud, _c2001. |
||
| 300 |
_a14 p. : _bil. principalmente |
||
| 440 | 4 | _aLos libros del chiquitin | |
| 650 | 4 |
_aLIBROS INFANTILES CON LAMINAS _911453 |
|
| 650 | 4 |
_aLibros y lectura para niƱos _92290 |
|
| 905 | _aInfantil | ||
| 999 |
_c142922 _d142922 |
||